Masters Role in collecting evidence (Record no. 4040)

000 -LEADER
fixed length control field 00330nam a2200133Ia 4500
008 - FIXED-LENGTH DATA ELEMENTS--GENERAL INFORMATION
fixed length control field 200103s9999||||xx |||||||||||||| ||und||
082 ## - DEWEY DECIMAL CLASSIFICATION NUMBER
Classification number Column-8
100 ## - MAIN ENTRY--PERSONAL NAME
Personal name The nautical Institute
245 #0 - TITLE STATEMENT
Title Masters Role in collecting evidence
260 ## - PUBLICATION, DISTRIBUTION, ETC. (IMPRINT)
Name of publisher, distributor, etc The nautical Institute
Date of publication, distribution, etc 1989
300 ## - PHYSICAL DESCRIPTION
Extent 108
942 ## - ADDED ENTRY ELEMENTS (KOHA)
Item type Books
Holdings
Withdrawn status Lost status Source of classification or shelving scheme Damaged status Not for loan Collection code Permanent location Current location Shelving location Date acquired Total Checkouts Full call number Barcode Date last seen Date last borrowed Koha item type
          Non-fiction IMU-MPC Library IMU-MPC Library General Stacks 2020-01-08 1 Column-8 LBS9859 2025-03-17 2022-08-26 Books
Copyright © 2021 Indian Maritime University, Mumbai Port Campus. All Rights Reserved. Managed & Maintained by Central Library, IMU-Mumbai

webs counters

Powered by Koha